000 00792nam a22002057a 4500
005 20161110165256.0
010 _aENG-116516
020 _a9789350980842
_c2295.00
035 _aEN-100048
037 _bDBAD/PUB
082 _a954.084092
245 _aCulture, vernacular politics, and the peasants: India, 1889-1950 :
_ctrncleted and edited by Walter Hauser [and] Kailash Chandra Jha
_ban edited translation of Swami Sahajanand`s mera jivan sangharsh (my life struggle) /
260 _aNew Delhi
_bManohar Publisher & Distributors
_c2014
270 _a4753/23 Ansari Road,Daryaganj
_bNew Delhi
_e110002
300 _a708p.
_c22cm (Hb)
500 _aIncludes index
700 _a Hauser, Walter
700 _aJha,Kailash Chandra
942 _2ddc
_cEN
_h954.084092
_mCUL
999 _c104583
_d104583